Statistics for Gabrielle Aplin - Waking Up Slow (All Lyrics)

Click here to take the quiz!

General Stats

  • This quiz has been taken 16 times
    (13 since last reset)
  • The average score is 374 of 382

Answer Stats

Answer% Correct
A
100%
All
100%
And
100%
Back
100%
Backwards
100%
Be
100%
Been
100%
Begin
100%
Blind
100%
But
100%
Came
100%
Can
100%
Cared
100%
‘Cause
100%
Come
100%
Could
100%
Days
100%
Do
100%
Don’t
100%
Doubt
100%
Everything
100%
Felt
100%
Friend
100%
Glad
100%
Glows
100%
Going
100%
Gold
100%
Had
100%
How
100%
I
100%
I’m
100%
It
100%
It’s
100%
I’ve
100%
Just
100%
Know
100%
Lay
100%
Like
100%
Lonely
100%
Look
100%
Love
100%
Low
100%
Me
100%
Mind
100%
My
100%
Never
100%
Nights
100%
Nothing
100%
Now
100%
Oh
100%
On
100%
Out
100%
Own
100%
Please
100%
Running
100%
Same
100%
See
100%
Shows
100%
Slow
100%
So
100%
Sun
100%
Taste
100%
That
100%
The
100%
Things
100%
This
100%
To
100%
Told
100%
Too
100%
Up
100%
Used
100%
Waking
100%
We
100%
We’re
100%
Were
100%
When
100%
Where
100%
With
100%
Yeah
100%
You
100%
Your
100%
You’re
100%
Change
80%
Changes
80%
Did
80%
Didn’t
80%
Else
80%
Excuse
80%
Good
80%
Heaven
80%
Help
80%
Here
80%
Intertwined
80%
Little
80%
Matters
80%
Miss
80%
Rearrange
80%
Scared
80%
Think
80%
Unprepared
80%
Wanna
80%
Wind
80%
Would
80%
Bit
60%
Clearer
60%
Flares
60%
Lighting
60%
Unaware
60%
Was
60%

Score Distribution

Percentile by Number Answered

Percent of People with Each Score

Your Score History

You have not taken this quiz since the last reset